Music Quiz

Random Music or Clip Quiz

Children's Show Theme Music Quiz Stats

Quiz not verified by Sporcle

Challenge
Share
Tweet
Score 0/15 Timer 10:00
0 Plays Today
Time Title % Correct
0:50-1:00VeggieTales
70.9%
2:20-2:30Barney & Friends
67.6%
0:00-0:10Caillou
61.5%
0:20-0:30Teletubbies
61%
2:10-2:20Thomas & Friends
60.6%
0:10-0:20Little Einsteins
58.2%
1:30-1:40Doc McStuffins
52.6%
0:40-0:50The Backyardigans
48.8%
Time Title % Correct
1:10-1:20Jake and the Never Land Pirates
46%
1:00-1:10Wonder Pets
38%
1:40-1:50The Wiggles
32.9%
1:50-2:00Daniel Tiger's Neighborhood
31%
2:00-2:10Imagination Movers
19.2%
0:30-0:40The Doodlebops
16%
1:20-1:30The Koala Brothers
15%

You're not logged in!

Compare scores with friends on all Sporcle quizzes.
Sign Up with Email
OR
Log In

You Might Also Like...

Show Comments

Extras

Top Quizzes Today


Score Distribution

Your Account Isn't Verified!

In order to create a playlist on Sporcle, you need to verify the email address you used during registration. Go to your Sporcle Settings to finish the process.

Report this User

Report this user for behavior that violates our Community Guidelines.

Details: